Economic policy-making in the European Union proceedings of the first four meetings of the Group of Economic Analysis

Salvato in:
Dettagli Bibliografici
Ente Autore: European Commission
Altri autori: Sapir, André, Nava, Mario
Natura: Libro
Lingua:inglese
Pubblicazione: Luxembourg Office for Official Publications of the European Communities 2003
Soggetti:
Tags: Aggiungi Tag
Nessun Tag, puoi essere il primo ad aggiungerne!!

MARC

LEADER 00000nam$a2200000$$$4500
001 0036377
005 20240318114244.9
020 |a 92-894-6181-0 
041 0 |a eng 
044 |a LU 
245 1 0 |a Economic policy-making in the European Union  |b proceedings of the first four meetings of the Group of Economic Analysis 
264 1 |a Luxembourg  |b Office for Official Publications of the European Communities  |c 2003 
300 |a 244 s. 
610 2 0 |a politika hospodárska 
610 2 0 |a analýza ekonomická 
610 2 0 |a rast hospodársky 
610 2 0 |a koordinácia 
610 2 0 |a priemysel 
610 2 0 |a korporácie 
610 2 0 |a riadenie 
610 2 0 |a Európska únia 
700 1 |a Sapir, André 
700 1 |a Nava, Mario 
710 2 |a European Commission